Quiz Fortnite - Statistiques

Statistiques générales
  • Ce quiz a été pris 1 192 fois
  • Le résultat moyen est 7 sur 10
Statistiques - réponses
Question Réponse % Correct
Monnaie du jeu V-Bucks
94%
Combien peut on avoir d'objet dans son stuff 5
91%
Quel objet te permet de soigner tes PV à 100% sans bouclier Kit de soin
88%
Comment s'appelle le bouclier ? Shield / potion
88%
Ville la plus connue de Fortnite Tilted Tower
80%
Lieu contenant un stade de foot et plusieurs maisons identiques Pleasant park
72%
Quelle arme inflige le plus de dégâts par balleà longue distance ? Sniper
72%
Quel objet soigne 20 PV et bouclier ? Splash
26%
Quel est la collab actuelle ? ( pass de combat )Novembre 2025 Les Simpsons
25%
Quel objet permet de s'envoler et retomber sans dégâts ? Tremplin / Launch Pad
23%
Aucun quiz correspondant
Distribution des résultats
% des personnes avec chaque résultat
Percentile par nombre de réponses
Votre historique - résultats
Vous n’avez pas pris ce quiz